<?xml version="1.0" encoding="UTF-8"?>
<record
    xmlns:xsi="http://www.w3.org/2001/XMLSchema-instance"
    xsi:schemaLocation="http://www.loc.gov/MARC21/slim http://www.loc.gov/standards/marcxml/schema/MARC21slim.xsd"
    xmlns="http://www.loc.gov/MARC21/slim">

  <leader>01177nam a22002657a 4500</leader>
  <controlfield tag="001">BRCA_9281</controlfield>
  <controlfield tag="003">FranzMayer</controlfield>
  <controlfield tag="005">20230721130936.0</controlfield>
  <controlfield tag="008">230721b        |||||||| |||| 00| 0 eng d</controlfield>
  <datafield tag="040" ind1=" " ind2=" ">
    <subfield code="a">MFM</subfield>
    <subfield code="b">esp</subfield>
    <subfield code="c">MFM</subfield>
  </datafield>
  <datafield tag="050" ind1=" " ind2="4">
    <subfield code="a">LE50</subfield>
    <subfield code="b">C53 1747</subfield>
  </datafield>
  <datafield tag="082" ind1=" " ind2=" ">
    <subfield code="2">PA6220.A25</subfield>
  </datafield>
  <datafield tag="100" ind1="1" ind2=" ">
    <subfield code="4">Autor</subfield>
    <subfield code="a">Cicer&#xF3;n, Marco Tulio</subfield>
    <subfield code="9">28904</subfield>
  </datafield>
  <datafield tag="240" ind1="1" ind2=" ">
    <subfield code="a">Ep&#xED;stolas &#xF3; cartas de Marco Tulio Cicer&#xF3;n, vulgarmente llamadas Familiares</subfield>
    <subfield code="h">Tomo III</subfield>
    <subfield code="l">espa&#xF1;ol</subfield>
  </datafield>
  <datafield tag="245" ind1="0" ind2=" ">
    <subfield code="a">Ep&#xED;stolas &#xF3; cartas de Marco Tulio Cicer&#xF3;n, vulgarmente llamadas Familiares</subfield>
    <subfield code="b">Tomo III</subfield>
  </datafield>
  <datafield tag="260" ind1=" " ind2=" ">
    <subfield code="a">Valencia, Espa&#xF1;a</subfield>
    <subfield code="b">Hermanos de Orga</subfield>
    <subfield code="c">1747</subfield>
  </datafield>
  <datafield tag="300" ind1=" " ind2=" ">
    <subfield code="a">552</subfield>
    <subfield code="c">18 cm</subfield>
  </datafield>
  <datafield tag="440" ind1=" " ind2=" ">
    <subfield code="a">Ep&#xED;stolas &#xF3; cartas de Marco Tulio Cicer&#xF3;n vulgarmente llamadas familiares</subfield>
    <subfield code="p">Tomo III</subfield>
    <subfield code="9">28905</subfield>
  </datafield>
  <datafield tag="500" ind1=" " ind2=" ">
    <subfield code="a">El libro tiene hojas da&#xF1;adas a distintos niveles, en algunos casos esto dificulta la lectura</subfield>
  </datafield>
  <datafield tag="505" ind1="0" ind2=" ">
    <subfield code="a">Texto en: espa&#xF1;olDirigido a: te&#xF3;logos, historiadores, obisposIncluye &#xED;ndice tem&#xE1;tico</subfield>
  </datafield>
  <datafield tag="650" ind1="1" ind2=" ">
    <subfield code="2">Literatura romana</subfield>
    <subfield code="a">Autores individuales</subfield>
    <subfield code="v">Cicer&#xF3;n</subfield>
    <subfield code="9">28906</subfield>
  </datafield>
  <datafield tag="651" ind1="2" ind2=" ">
    <subfield code="2">Ep&#xED;stolas</subfield>
    <subfield code="a">Cartas "familiares"</subfield>
    <subfield code="v">Mario Tulio Cicer&#xF3;n</subfield>
    <subfield code="9">28907</subfield>
  </datafield>
  <datafield tag="700" ind1="1" ind2=" ">
    <subfield code="4">Trad.</subfield>
    <subfield code="a">Abril, Sim&#xF3;n Pedro</subfield>
    <subfield code="9">28908</subfield>
  </datafield>
  <datafield tag="942" ind1=" " ind2=" ">
    <subfield code="2">lcc</subfield>
    <subfield code="c">B</subfield>
  </datafield>
  <datafield tag="999" ind1=" " ind2=" ">
    <subfield code="c">10900</subfield>
    <subfield code="d">10900</subfield>
  </datafield>
  <datafield tag="952" ind1=" " ind2=" ">
    <subfield code="0">0</subfield>
    <subfield code="1">0</subfield>
    <subfield code="2">lcc</subfield>
    <subfield code="4">0</subfield>
    <subfield code="7">0</subfield>
    <subfield code="8">CFM</subfield>
    <subfield code="a">BRCA</subfield>
    <subfield code="b">BRCA</subfield>
    <subfield code="d">2023-07-21</subfield>
    <subfield code="e">Donaci&#xF3;n</subfield>
    <subfield code="l">0</subfield>
    <subfield code="o">LE50 C53 1747</subfield>
    <subfield code="p">CFM00517</subfield>
    <subfield code="r">2023-07-21 00:00:00</subfield>
    <subfield code="w">2023-07-21</subfield>
    <subfield code="y">B</subfield>
  </datafield>
</record>
